Fundamentals of applied statistics (Record no. 5566)

MARC details
000 -LEADER
fixed length control field 00594cam a2200217ua 4500
001 - CONTROL NUMBER
control field 6422
005 - DATE AND TIME OF LATEST TRANSACTION
control field 20260515114040.0
008 - FIXED-LENGTH DATA ELEMENTS--GENERAL INFORMATION
fixed length control field 140703n ii |||gr||||Z||||||eng
020 ## - INTERNATIONAL STANDARD BOOK NUMBER
International Standard Book Number 81-7014-151-6
040 ## - CATALOGING SOURCE
Transcribing agency MAIN
082 ## - DEWEY DECIMAL CLASSIFICATION NUMBER
Classification number 519.5
245 ## - TITLE STATEMENT
Title Fundamentals of applied statistics
Statement of responsibility, etc. By S.C. Gupta
260 ## - PUBLICATION, DISTRIBUTION, ETC.
Place of publication, distribution, etc. New delhi:
Name of publisher, distributor, etc. Sultan chand & sons,
Date of publication, distribution, etc. 1996.
300 ## - PHYSICAL DESCRIPTION
Extent x,9.58p.
653 ## - INDEX TERM--UNCONTROLLED
Uncontrolled term Probabilities & applied mathematics
653 ## - INDEX TERM--UNCONTROLLED
Uncontrolled term Commerce
653 ## - INDEX TERM--UNCONTROLLED
Uncontrolled term Fundamentals of applied statistics
700 ## - ADDED ENTRY--PERSONAL NAME
Personal name Gupta, S.C.,
Relator term Author.,
700 ## - ADDED ENTRY--PERSONAL NAME
Personal name Kapoor,V.K.,
Relator term Author.
942 ## - ADDED ENTRY ELEMENTS (KOHA)
Koha item type Books
Holdings
Withdrawn status Lost status Damaged status Not for loan Home library Current library Shelving location Date acquired Total checkouts Full call number Barcode Date last seen Copy number Price effective from Koha item type
        Naharkatiya College Library Naharkatiya College Library General stacks 09/19/2020   519.5 | GUP 13543 09/19/2020 1 09/19/2020 Books